Southville International School and Colleges
Your cart is empty.
  • Cart
  • Lists
    Public lists Eva Luna New books Lux_list list_1
    Your lists Log in to create your own lists
  • Log in to your account
  • Your cookies
  • Search history
Southville International School and Colleges
  • Advanced search
  • Recent comments
  • Most popular
  • Libraries

Log in to your account

Log in with GOOGLE


If you do not have an external account, but do have a local account, you can still log in:

  1. Home
  2. MARC view: Ballet Shoes /
Normal view MARC view ISBD view

Ballet Shoes / (Record no. 7958)

[ view plain ]
MARC details
000 -LEADER
fixed length control field 00676nam a22002537a 4500
003 - CONTROL NUMBER IDENTIFIER
control field OSt
005 - DATE AND TIME OF LATEST TRANSACTION
control field 20140310181958.0
008 - FIXED-LENGTH DATA ELEMENTS--GENERAL INFORMATION
fixed length control field 121122t xxu||||| |||| 00| 0 eng d
020 ## - INTERNATIONAL STANDARD BOOK NUMBER
International Standard Book Number 044041508X
050 ## - LIBRARY OF CONGRESS CALL NUMBER
Classification number PZ 7
Item number .St914 1965
082 ## - DEWEY DECIMAL CLASSIFICATION NUMBER
Classification number KF
Item number St8b 1965
100 ## - MAIN ENTRY--PERSONAL NAME
Personal name Streatfield, Noel
9 (RLIN) 4371
245 ## - TITLE STATEMENT
Title Ballet Shoes /
Statement of responsibility, etc Noel Streatfeild.
260 ## - PUBLICATION, DISTRIBUTION, ETC. (IMPRINT)
Place of publication, distribution, etc New york
Name of publisher, distributor, etc Dell Publishing Co., Inc.
Date of publication, distribution, etc 1965
300 ## - PHYSICAL DESCRIPTION
Extent 294 p. ;
Other physical details 19 cm.
521 ## - TARGET AUDIENCE NOTE
Target audience note
541 ## - IMMEDIATE SOURCE OF ACQUISITION NOTE
-- 1
562 ## - COPY AND VERSION IDENTIFICATION NOTE
Number of copies 1
650 ## - SUBJECT ADDED ENTRY--TOPICAL TERM
Topical term or geographic name as entry element Dancing
General subdivision Fiction
9 (RLIN) 4851
650 ## - SUBJECT ADDED ENTRY--TOPICAL TERM
Topical term or geographic name as entry element Ballet
General subdivision Fiction
9 (RLIN) 4852
650 ## - SUBJECT ADDED ENTRY--TOPICAL TERM
Topical term or geographic name as entry element Children's literature
9 (RLIN) 1986
700 ## - ADDED ENTRY--PERSONAL NAME
Personal name Streatfield, Noel
9 (RLIN) 4371
942 ## - ADDED ENTRY ELEMENTS (KOHA)
Source of classification or shelving scheme Library of Congress Classification
Koha item type
Call number prefix
Holdings
Withdrawn status Lost status Source of classification or shelving scheme Damaged status Home library Current library Shelving location Date acquired Total Checkouts Full call number Barcode Date last seen Date checked out Copy number Price effective from Koha item type
    Library of Congress Classification   Luxembourg Library Luxembourg Library Kids Fiction Section 07/27/2013 1 PZ 7 .St914 1965 5760 03/20/2015 02/04/2015 1 07/27/2013 Books

Ballet Shoes /

APA

Streatfield N., Streatfield N., . (1965). Ballet Shoes. New york: Dell Publishing Co., Inc.

Chicago

Streatfield Noel, Streatfield Noel, . 1965. Ballet Shoes. New york: Dell Publishing Co., Inc.

Harvard

Streatfield N., Streatfield N., . (1965). Ballet Shoes. New york: Dell Publishing Co., Inc.

MLA

Streatfield Noel, Streatfield Noel, . Ballet Shoes. New york: Dell Publishing Co., Inc. 1965.

  • Place hold
  • Print
  • Cite
  • Add to your cart (remove)
  • Save record
    BIBTEX Dublin Core MARCXML MARC (non-Unicode/MARC-8) MARC (Unicode/UTF-8) MARC (Unicode/UTF-8, Standard) MODS (XML) RIS
  • More searches
    Search for this title in:
    Other Libraries (WorldCat) Other Databases (Google Scholar) Online Stores (Bookfinder.com) Open Library (openlibrary.org)

Exporting to Dublin Core...

SOUTHVILLE LIBRARY

Southville International School and Colleges Library

1281 Tropical Ave. Cor. Luxembourg St., BF Homes International, Las Pinas City

Tel. No. 8256374 / 252358 Loc. 117/146

Powered by Koha